| 000 | 00326nam a22001217a 4500 | ||
|---|---|---|---|
| 008 | 180307b xxu||||| |||| 00| 0 eng d | ||
| 041 | _aeng | ||
| 080 | _a591 | ||
| 100 | _a7 | ||
| 101 | _aZOO | ||
| 245 |
_aControl and development of behavior: an historical sample from the pens of ethologists _cKlopfer,P.H |
||
| 942 |
_2udc _cBK |
||
| 999 |
_c44336 _d44336 |
||